000 00548nam a22002057a 4500
003 OSt
005 20220107122810.0
008 160318b xxu||||| |||| 00| 0 eng d
020 _a9780198066644
040 _cIIITMK
082 _a005.453 MUN/C
100 _aMuneeswaran, K.
_98599
245 _aCompiler design
_cK. Muneeswaran
260 _aNew Delhi,
_bOxford University Press,
_c2013
300 _axiv, 646p.
_bCD ROM
650 _aCOMPILERS
_98600
650 _aLEXICAL ANLYSIS
_98601
650 _aCODE OPTIMIZATION
_98602
942 _2ddc
_cBK
999 _c5012
_d5012